000
00337nam a2200133Ia 4500
008
151001s9999||||xx |||||||||||||| ||und||
100
_a
प्रशांत पोखरकर
245
_a
रस्तय
250
_a
1
260
_b
सोनवणी संजय
260
_c
1993
300
_a
222
365
_b
22
999
_c
969830
_d
969827